000
00352nam a2200181Ia 4500
100
_a
Baartse/Mark
650
_a
Java
250
_a
2
942
_c
RB
366
_f
20
654
_a
javascript
245
_a
Professional Javascript
260
_b
SPD
_c
2001
082
_a
005.133J/BAA
_b
BAA
300
_a
1098
546
_a
ENGLISH
999
_c
35299
_d
35299